|
|
|
|
| LEADER |
02573nam a2200673 i 4500 |
| 001 |
nkc20172905022 |
| 003 |
CZ PrNK |
| 005 |
20180221095451.0 |
| 007 |
ta |
| 008 |
170626s2017 xr ach e 000 0dcze |
| 015 |
|
|
|a cnb002905022
|
| 020 |
|
|
|a 978-80-7437-188-2
|q (Karel Kerlický - KANT ;
|q vázáno)
|
| 020 |
|
|
|a 978-80-905168-7-8
|q (ABCD ;
|q vázáno)
|
| 035 |
|
|
|a (OCoLC)1000517068
|
| 040 |
|
|
|a BOA001
|b cze
|d ABA001
|e rda
|
| 041 |
1 |
|
|a cze
|h eng
|h fre
|
| 043 |
|
|
|a e-xr---
|
| 045 |
|
|
|a x6x8
|
| 072 |
|
7 |
|a 75
|x Malířství
|2 Konspekt
|9 21
|
| 080 |
|
|
|a 75.071.1-055.2
|2 MRF
|
| 080 |
|
|
|a 75(437.3)
|2 MRF
|
| 080 |
|
|
|a 741/744(437.3)
|2 MRF
|
| 080 |
|
|
|a 72/76.031.2"19/20"
|2 MRF
|
| 080 |
|
|
|a (437.3)
|2 MRF
|
| 080 |
|
|
|a (048.8:082)
|2 MRF
|
| 080 |
|
|
|a (084.11)
|2 MRF
|
| 245 |
0 |
0 |
|a Anna Zemánková /
|c Anežka Šimková, Terezie Zemánková, eds.
|
| 264 |
|
1 |
|a V Praze :
|b ABCD :
|b KANT,
|c 2017
|
| 300 |
|
|
|a 303 stran :
|b ilustrace (převážně barevné), portréty, faksimile ;
|c 29 cm
|
| 336 |
|
|
|a text
|b txt
|2 rdacontent
|
| 336 |
|
|
|a statický obraz
|b sti
|2 rdacontent
|
| 337 |
|
|
|a bez média
|b n
|2 rdamedia
|
| 338 |
|
|
|a svazek
|b nc
|2 rdacarrier
|
| 500 |
|
|
|a Částečně přeloženo z angličtiny a francouzštiny
|
| 500 |
|
|
|a Životopisná data, přehled výstav a zastoupení ve sbírkách
|
| 504 |
|
|
|a Obsahuje bibliografii a bibliografické odkazy
|
| 600 |
1 |
7 |
|a Zemánková, Anna,
|d 1908-1986
|7 jn20000728840
|2 czenas
|
| 648 |
|
7 |
|a 20. století
|7 ch460558
|2 czenas
|
| 648 |
|
4 |
|a 1960-1985
|
| 650 |
0 |
7 |
|a malířky
|7 ph122597
|z Česko
|y 20. století
|2 czenas
|
| 650 |
0 |
7 |
|a české malířství
|7 ph116864
|y 20. století
|2 czenas
|
| 650 |
0 |
7 |
|a česká kresba
|7 ph116857
|y 20. století
|2 czenas
|
| 650 |
0 |
7 |
|a art brut
|7 ph118618
|z Česko
|2 czenas
|
| 650 |
0 |
9 |
|a women painters
|z Czechia
|y 20th century
|2 eczenas
|
| 650 |
0 |
9 |
|a Czech painting
|y 20th century
|2 eczenas
|
| 650 |
0 |
9 |
|a Czech drawing
|y 20th century
|2 eczenas
|
| 650 |
0 |
9 |
|a art brut
|z Czechia
|2 eczenas
|
| 655 |
|
7 |
|a kolektivní monografie
|7 fd501537
|2 czenas
|
| 655 |
|
7 |
|a obrazové publikace
|7 fd132947
|2 czenas
|
| 655 |
|
9 |
|a collective monographs
|2 eczenas
|
| 655 |
|
9 |
|a pictorial works
|2 eczenas
|
| 700 |
1 |
|
|a Zemánková, Anna,
|d 1908-1986
|7 jn20000728840
|4 ill
|
| 700 |
1 |
|
|a Šimková, Anežka,
|d 1946-
|7 mzk2005289936
|4 edt
|
| 700 |
1 |
|
|a Zemánková, Terezie,
|d 1975-
|7 jx20061027015
|4 edt
|
| 910 |
2 |
|
|a BOA001
|b 4-1390.863
|
| 990 |
|
|
|a BK
|
| 995 |
|
|
|a 01
|
| 991 |
|
|
|b 201707
|c NOV
|
| 996 |
6 |
|
|b 2610712908
|c 4-1390.863
|l MZK
|r Sklad / do 1 hodiny
|n 5
|p p.v.
|w 001618789
|u 000010
|a 1
|e BOA001
|j MZK50
|s P
|